| 000 | 00592nam a2200217 a 4500 | ||
|---|---|---|---|
| 001 | 000049049 | ||
| 003 | DO-SdBNP | ||
| 005 | 20211026154429.0 | ||
| 007 | ta | ||
| 008 | 190716s1997 dr a r 000 0 spa d | ||
| 020 | _a8489539502 | ||
| 040 |
_aDO-SdBNP _bspa _cBNPHU |
||
| 082 | 4 |
_222 _bC357 |
|
| 245 | 0 | 0 |
_aCatálogo del libro dominicano / _ccompilación Virtudes Uribe |
| 260 |
_aSanto Domingo : _bDe Colores, _c1997. |
||
| 300 |
_a139 p. : _bil. ; _c29 cm. |
||
| 590 | _aInventariado, 2019 / DG | ||
| 700 | 1 |
_aUribe, Virtudes, _ecompilador _980360 |
|
| 910 | _aDG | ||
| 942 |
_2ddc _cLBS1 |
||
| 999 |
_c48537 _d48537 |
||